Tilastot visalle Suomessa esiintyviä lintulajeja - tunnista kuvista

Klikkaa tästä pelataksesi tätä visaa!

Yleistilastot

  • Tätä visaa on pelattu 51 kertaa
  • Keskiarvotulos 18 / 24

Vastaustilastot

Answer% Oikein
punatulkku
98%
naurulokki
93%
talitiainen
90%
sinisorsa
88%
tilhi
88%
laulujoutsen
88%
huuhkaja
85%
västäräkki
83%
harmaalokki
83%
varpunen
80%
närhi
78%
naakka
78%
silkkiuikku
73%
käpytikka
71%
maakotka
71%
korppi
71%
kalatiira
71%
peippo
68%
tukkasotka
68%
tunturipöllö
66%
punarinta
63%
haarapääsky
61%
telkkä
61%
hiiripöllö
56%

Tulosjakauma

Persentiili vastausten määrän mukaan

Jokaisen tuloksen saaneiden osuus

Tuloshistoriasi

Et ole pelannut tätä visaa